<?xml version="1.0" encoding="UTF-8"?>
<collection xmlns="http://www.loc.gov/MARC21/slim">
  <record>
    <leader>00000nam  2200000   4500</leader>
    <controlfield tag="001">INLIS000000000018551</controlfield>
    <controlfield tag="005">20241122020754</controlfield>
    <datafield tag="035" ind1="#" ind2="#">
      <subfield code="a">0010-1124000217</subfield>
    </datafield>
    <controlfield tag="007">ta</controlfield>
    <controlfield tag="008">241122###########################0######</controlfield>
    <datafield tag="245" ind1="#" ind2="#">
      <subfield code="a">FOREVER :</subfield>
      <subfield code="b">Formulir Penilaian Mutu Evaluasi Pembelajaran /</subfield>
      <subfield code="c">Dahlia, S.E., M.M</subfield>
    </datafield>
    <datafield tag="260" ind1="#" ind2="#">
      <subfield code="a">Makassar :</subfield>
      <subfield code="b">Puslatbang KMP RI LAN Makassar,</subfield>
      <subfield code="c">2024</subfield>
    </datafield>
    <datafield tag="300" ind1="#" ind2="#">
      <subfield code="a">54 ;</subfield>
      <subfield code="c">30</subfield>
    </datafield>
    <datafield tag="650" ind1="#" ind2="4">
      <subfield code="a">Formulir Penilaian Mutu Evaluasi Pembelajaran pada fakultas Ekonomi Universitas Sulawesi Barat</subfield>
    </datafield>
    <datafield tag="700" ind1=" " ind2="#">
      <subfield code="a">DR. DRA. Enny Radjab, M.AB (Mentor)</subfield>
    </datafield>
    <datafield tag="700" ind1=" " ind2="#">
      <subfield code="a">Taufik, S.E (Coach)</subfield>
    </datafield>
    <datafield tag="520" ind1="#" ind2="#">
      <subfield code="a">Pelatihan Dasar Calon Pegawai Negeri Sipil (CPNS) bergna dalam mengembangkan&#13;
&#13;
kompetensi secara terintegritas. Pelaksanaan aktualisasi dan habituasi pada Pelatihan Dasar CPNS bertujuan agar peserta dapat mengimplementasikan nilai- nilai dasar ASN meliputi Berorientasi Pelayanan, Akuntabel, Harmonis, Loyal, Adaptif, Kolaboratif (BerAKHLAK), Manajemen ASN, Smart ASN serta kedudukan dan peran PNS untuk mendukung Smart Governance dalam mengatasi isu belum optimalnya penilaian mutu evaluasi pembelajaran pada Fakultas Ekonomi Universitas Sulawesi Barat.&#13;
&#13;
Aktualisasi dan Habituasi dilaksanakan mulai tanggal 17 September 2024 sampai dengan tanggal 11 Oktober 2024 terdiri dari 4 kegiatan. Kegiatan tersebut diri dari (1) Penyusunan formulir penilaian mutu evaluasi pembelajaran, (2) Pendistribusin formulir penilaian mutu evaluasi pembelajaran, (3) Pembuatan video cara pengisian formulir mutu evaluasi pembelajaran, (4) Evaluasi hasil kegiatan.&#13;
&#13;
Hasil dari pemecah isu adalah penyusunan formulir penilaian mutu evaluasi pembelajaran pada Fakultas Ekonomi Universitas Sulawesi Barat dan video cara pengisian formulir penilaian mutu evaluasi pembelajaran. Rencana Tindak Lanjut (RTL) Baci kegiatan yang dilaksanakan adalah (1) mahasiswa lebih memperhatikan mengisi formulir penilaian mutu evaluasi pembelajaran, (2) hasil pengisian formulir penilaian menjadi dasar dalam menentukan kebijakan yang berkaitan dengan&#13;
&#13;
pembinaan dosen&#13;
&#13;
Kata Kunci: Aktualisas Habituasi, Penyediaan Formulir Penilaian Mutu Evaluasi</subfield>
    </datafield>
    <datafield tag="856" ind1="#" ind2="#">
      <subfield code="a">PUSLATBANG KMP LAN RI Makassar</subfield>
    </datafield>
  </record>
</collection>
